Municipal forest management in Latin America
Αποθηκεύτηκε σε:
| Άλλοι συγγραφείς: | , |
|---|---|
| Μορφή: | Βιβλίο |
| Γλώσσα: | English French |
| Δημοσίευση: |
Indonesia : Canada :
Center for International Forestry Research, International Development Research Centre,
2003.
|
| Θέματα: | |
| Ετικέτες: |
Προσθήκη ετικέτας
Δεν υπάρχουν, Καταχωρήστε ετικέτα πρώτοι!
|
MARC
| LEADER | 00000cam a2200000 i 4500 | ||
|---|---|---|---|
| 001 | 1/95080 | ||
| 008 | 081008s2003 io | ||| |||| ||eng|| | ||
| 020 | |a 9793361301 | ||
| 035 | |l 10100714 | ||
| 040 | |a GR-MyUA |b gre |e AACR2 | ||
| 041 | 1 | |a eng |h fre | |
| 082 | 0 | |a 333.75098 |2 (22) | |
| 245 | 1 | 0 | |a Municipal forest management in Latin America / |c edited by Lyes Ferroukhi ; translated by Judy Butler. |
| 260 | |a Indonesia : |a Canada : |b Center for International Forestry Research, |b International Development Research Centre, |c 2003. | ||
| 300 | |a 235 σ. : |b πίν. ; |c 24 εκ. | ||
| 500 | |a Τίτλος πρωτοτύπου: La Gestion Forestal Municipal en America Latina. | ||
| 650 | 0 | 0 | |a Community forests |x Management |z Latin America. |
| 650 | 0 | 0 | |a Forest management |z Latin America. |
| 700 | 1 | |a Ferroukhi, Lyes, |e edt | |
| 700 | 1 | |a Butler, Judy, |d 1940- |e trlf | |
| 852 | |a INST |b LESVOS |e 20081008 |h 333.75098 MUN |p 005100043168 |q 005100043168 |t BK |y 0 | ||
| 901 | |a BIBL1-2008-3 | ||
| 909 | |a Λ |b 143920 | ||
| 922 | |a 1ΕΛΗ |b 200801 |c ΕΠΕΑΕΚ2/ΤΠ |d ΠΑΠΑΣΩΤΗΡΙΟΥ | ||
| 970 | |a ΧΑΤΖΗΜΙΧΑΗΛ |b ΜΑΡΙΑ |z 2008/10/08 | ||